[Event "Alcorcon Spring op-B 1st"]
[Site "Alcorcon"]
[Date "2019.03.24"]
[Round "1"]
[White "De La Fuente Ebro, Miguel Angel"]
[Black "Trapero Bueno, Vicente"]
[Result "1-0"]
[WhiteElo "1671"]
[BlackElo "1247"]
[PlyCount "47"]
[EventDate "2019.03.24"]
[EventType "swiss"]
[EventRounds "9"]
[EventCountry "ESP"]
[SourceTitle "EXT 2020"]
[Source "ChessBase"]
[SourceDate "2019.10.17"]
[SourceVersion "1"]
[SourceVersionDate "2019.10.17"]
[SourceQuality "1"]

1. d4 d5 2. c4 c6 3. Nc3 Nf6 4. e3 Bf5 5. Nf3 e6 6. Be2 dxc4 7. Bxc4 Bb4 8. 0-0 0-0 9. Bd2 Nbd7 10. a3 Bd6 11. h3 h6 12. Re1 Ne4 13. Nxe4 Bxe4 14. Bc3 Qc7 15. Nd2 Bg6 16. e4 e5 17. Qg4 Kh8 18. Ba2 exd4 19. Bxd4 Ne5 20. Qe2 Rad8 21. Qe3 c5 22. Bc3 b6 23. Nc4 Nxc4 24. Qxh6+ 1-0

[Event "Madrid San Viator op-B 26th"]
[Site "Madrid"]
[Date "2016.05.08"]
[Round "5"]
[White "Martin Rodriguez, Jose Luis"]
[Black "Trapero Bueno, Vicente"]
[Result "1-0"]
[WhiteElo "1353"]
[BlackElo "1231"]
[PlyCount "71"]
[EventDate "2016.04.03"]
[EventType "swiss"]
[EventRounds "9"]
[EventCountry "ESP"]
[SourceTitle "EXT 2017"]
[Source "ChessBase"]
[SourceDate "2016.10.25"]
[SourceVersion "1"]
[SourceVersionDate "2016.10.25"]
[SourceQuality "1"]

1. c4 e5 2. Nc3 Bb4 3. Nf3 Nc6 4. d3 h6 5. a3 Be7 6. g3 Nf6 7. Bg2 0-0 8. b4 a6 9. Bb2 d6 10. 0-0 Be6 11. Nd2 d5 12. cxd5 Nxd5 13. Nce4 b6 14. Rc1 Qd7 15. Qc2 Nd4 16. Bxd4 exd4 17. Qc6 f5 18. Nb3 fxe4 19. Nxd4 Qxc6 20. Nxc6 Bg5 21. Rc2 e3 22. f3 Bf6 23. f4 Bc3 24. Bxd5 Bxd5 25. Rxc3 Rae8 26. Nd4 Rf7 27. Nc2 c6 28. d4 Rfe7 29. Ne1 Kf7 30. Nf3 Re6 31. Ne5+ Kf6 32. Nd7+ Kf5 33. Nxb6 c5 34. Nxd5 cxd4 35. Rd3 h5 36. Nc7 1-0

[Event "Madrid San Viator op-B 25th"]
[Site "Madrid"]
[Date "2015.10.18"]
[Round "4"]
[White "Aguilera Prada, Alejandro"]
[Black "Trapero Bueno, Vicente"]
[Result "1-0"]
[WhiteElo "1426"]
[BlackElo "1237"]
[PlyCount "57"]
[EventDate "2015.10.04"]
[EventType "swiss"]
[EventRounds "9"]
[EventCountry "ESP"]
[SourceTitle "EXT 2019"]
[Source "ChessBase"]
[SourceDate "2018.10.10"]
[SourceVersion "1"]
[SourceVersionDate "2018.10.10"]
[SourceQuality "1"]

1. d4 d5 2. Nf3 Nf6 3. Bf4 e6 4. e3 Be7 5. h3 c5 6. c4 Ne4 7. Bd3 Qa5+ 8. Nfd2 Nxd2 9. Nxd2 cxd4 10. exd4 Qb6 11. Nb3 Nc6 12. c5 Qd8 13. 0-0 Bf6 14. Bc2 b6 15. Re1 0-0 16. a3 bxc5 17. dxc5 Bxb2 18. Ra2 Bc3 19. Re3 d4 20. Rg3 Re8 21. Be4 Qd7 22. Bxc6 Qxc6 23. Rxg7+ Kxg7 24. Qg4+ Kf8 25. Bd6+ Re7 26. Qh4 Qb7 27. c6 Qxb3 28. Qxe7+ Kg7 29. Qg5+ 1-0

[Event "Madrid San Viator op 22nd"]
[Site "Madrid"]
[Date "2014.04.27"]
[Round "5"]
[White "Trapero Bueno, Vicente"]
[Black "Simarro Cabrera, Jorge"]
[Result "0-1"]
[WhiteElo "1188"]
[BlackElo "1581"]
[PlyCount "56"]
[EventDate "2014.03.23"]
[EventType "swiss"]
[EventRounds "9"]
[EventCountry "ESP"]
[SourceTitle "EXT 2015"]
[Source "ChessBase"]
[SourceDate "2014.11.20"]
[SourceVersion "1"]
[SourceVersionDate "2014.11.20"]
[SourceQuality "1"]

1. d4 Nf6 2. Nf3 g6 3. c4 d5 4. cxd5 Nxd5 5. e4 Nb6 6. Be2 Bg7 7. 0-0 0-0 8. Bg5 Bg4 9. e5 Nc6 10. Be3 Nd5 11. a3 Bd7 12. Qd2 Nxe3 13. Qxe3 e6 14. Nc3 Ne7 15. Bd3 Bc6 16. b4 Bxf3 17. Qxf3 Qxd4 18. Rac1 Bxe5 19. Be4 c6 20. Rfd1 Qb6 21. Rd7 Bxc3 22. Rxc3 Nd5 23. Bxd5 exd5 24. Re3 Rad8 25. Rde7 c5 26. bxc5 Qxc5 27. g3 b6 28. Rc3 Qxe7 0-1

[Event "Madrid San Viator op 22nd"]
[Site "Madrid"]
[Date "2014.04.06"]
[Round "3"]
[White "Trapero Bueno, Vicente"]
[Black "Mateos Cordero, Francisco"]
[Result "0-1"]
[WhiteElo "1188"]
[BlackElo "1597"]
[PlyCount "45"]
[EventDate "2014.03.23"]
[EventType "swiss"]
[EventRounds "9"]
[EventCountry "ESP"]
[SourceTitle "EXT 2015"]
[Source "ChessBase"]
[SourceDate "2014.11.20"]
[SourceVersion "1"]
[SourceVersionDate "2014.11.20"]
[SourceQuality "1"]

1. d4 d5 2. c4 c6 3. Nf3 Nf6 4. e3 e6 5. Nc3 Nbd7 6. Bd3 dxc4 7. Bxc4 b5 8. Bd3 Bb7 9. 0-0 a6 10. e4 Be7 11. e5 Nd5 12. Re1 c5 13. a3 cxd4 14. Nxd4 Nxc3 15. bxc3 Qc7 16. Nf3 Qxc3 17. Qd2 Qxa1 18. Bb2 Qa2 19. Be4 Bxe4 20. Rxe4 Rd8 21. Qc3 0-0 22. Bc1 Rc8 23. Qe3 0-1

[Event "Madrid San Viator op 22nd"]
[Site "Madrid"]
[Date "2014.03.23"]
[Round "1"]
[White "Trapero Bueno, Vicente"]
[Black "Munoz Munoz, Pablo II"]
[Result "0-1"]
[WhiteElo "1188"]
[BlackElo "1489"]
[PlyCount "94"]
[EventDate "2014.03.23"]
[EventType "swiss"]
[EventRounds "9"]
[EventCountry "ESP"]
[SourceTitle "EXT 2015"]
[Source "ChessBase"]
[SourceDate "2014.11.20"]
[SourceVersion "1"]
[SourceVersionDate "2014.11.20"]
[SourceQuality "1"]

1. d4 d5 2. c4 c6 3. e3 Nf6 4. Nf3 a6 5. a4 e6 6. Bd2 dxc4 7. Bxc4 Nbd7 8. Bd3 Bd6 9. Bc3 0-0 10. 0-0 c5 11. a5 b5 12. axb6 Qxb6 13. Qc2 a5 14. Nbd2 cxd4 15. Nxd4 Bb4 16. Nc4 Qb8 17. Nc6 Qc7 18. Nxb4 axb4 19. Rxa8 bxc3 20. bxc3 Nc5 21. Be2 Na6 22. Bf3 Qxc4 23. Be2 Qc6 24. Bf3 Nd5 25. c4 Qxa8 26. cxd5 exd5 27. Qb3 Be6 28. Ra1 Qc6 29. Qd3 Ra8 30. e4 Nc5 31. Rxa8+ Qxa8 32. Qc2 Nxe4 33. Be2 Qc8 34. Qb1 g6 35. Qd3 Qc3 36. Qxc3 Nxc3 37. Bf3 d4 38. Kf1 d3 39. Ke1 Bf5 40. g4 Be4 41. Bxe4 Nxe4 42. f3 Nc5 43. Kd2 Kf8 44. h3 Ke7 45. h4 Ke6 46. f4 Kd5 47. Kc3 Ke4 0-1

[Event "Madrid San Viator op 20th"]
[Site "Madrid"]
[Date "2013.05.19"]
[Round "6"]
[White "Reyes Penas, Sebastian"]
[Black "Trapero Bueno, Vicente"]
[Result "1-0"]
[WhiteElo "1415"]
[BlackElo "1330"]
[PlyCount "57"]
[EventDate "2013.04.07"]
[EventType "swiss"]
[EventRounds "9"]
[EventCountry "ESP"]
[SourceTitle "EXT 2014"]
[Source "ChessBase"]
[SourceDate "2013.11.20"]
[SourceVersion "1"]
[SourceVersionDate "2013.11.20"]
[SourceQuality "1"]

1. e4 c5 2. Nf3 e6 3. d4 cxd4 4. Nxd4 a6 5. Nc3 Qc7 6. Bd3 Nf6 7. Qe2 d6 8. 0-0 g6 9. f4 e5 10. fxe5 dxe5 11. Nb3 Bg7 12. h3 0-0 13. Bg5 Nbd7 14. Qd2 h6 15. Bxh6 Bxh6 16. Qxh6 b5 17. a3 Nh5 18. Nd2 Ndf6 19. g4 Bxg4 20. hxg4 Nxg4 21. Qg5 Qc5+ 22. Kg2 Ne3+ 23. Kh2 Nxf1+ 24. Rxf1 Nf4 25. Rxf4 Qe3 26. Rg4 Qxg5 27. Rxg5 Rfe8 28. Nd5 Re7 29. Nxe7+ 1-0

[Event "Madrid San Viator op 20th"]
[Site "Madrid"]
[Date "2013.04.14"]
[Round "2"]
[White "Mateos Cordero, Francisco"]
[Black "Trapero Bueno, Vicente"]
[Result "1-0"]
[WhiteElo "1556"]
[BlackElo "1330"]
[PlyCount "59"]
[EventDate "2013.04.07"]
[EventType "swiss"]
[EventRounds "9"]
[EventCountry "ESP"]
[SourceTitle "EXT 2014"]
[Source "ChessBase"]
[SourceDate "2013.11.20"]
[SourceVersion "1"]
[SourceVersionDate "2013.11.20"]
[SourceQuality "1"]

1. d4 d5 2. c4 e6 3. e3 Nf6 4. Nc3 Be7 5. Nf3 0-0 6. Be2 c5 7. Qc2 b6 8. cxd5 exd5 9. 0-0 Ba6 10. a4 Bxe2 11. Nxe2 Nc6 12. Bd2 Rc8 13. Rac1 Nb4 14. Bxb4 cxb4 15. Qd3 a5 16. Qb5 Qd6 17. Ne5 Rc7 18. Rxc7 Qxc7 19. Rc1 Qb7 20. Nc6 Bd8 21. Nxa5 Qd7 22. Qxd7 Nxd7 23. Nc6 Nf6 24. Nxb4 Re8 25. Nf4 Be7 26. Nbxd5 Nxd5 27. Nxd5 Bd8 28. Rc8 Kf8 29. Rb8 Bc7 30. Rxe8+ 1-0